[Event "PRO League Group Stage"]
[Site "chess.com INT"]
[Date "2019.01.10"]
[Round "1"]
[White "Sargsyan, Shant"]
[Black "Gorozhanin, Mikhail"]
[Result "1-0"]
[WhiteTitle "IM"]
[BlackTitle "FM"]
[WhiteElo "2486"]
[BlackElo "2429"]
[WhiteTeam "Armenia Eagles"]
[BlackTeam "Volga Stormbringers"]
[WhiteFideId "13306766"]
[BlackFideId "4178262"]
[EventDate "2019.01.08"]

1. d4 d5 2. c4 e6 3. Nf3 c6 4. Qc2 Nf6 5. Bf4 dxc4 6. Qxc4 b5 7. Qc2 Bb7 8. e4
Nbd7 9. Nbd2 Rc8 10. Rc1 a6 11. a4 c5 12. axb5 cxd4 13. Bc7 Qe7 14. bxa6 Ba8 15.
Nxd4 Qb4 16. Nb5 Nxe4 17. f3 Nd6 18. Na7 Rxc7 19. Qxc7 Be7 20. Nc8 Qxb2 21. Nxe7
Qe5+ 22. Be2 Kxe7 23. Nc4 Nxc4 24. Qxc4 Rb8 25. O-O Bd5 26. Qd3 Rb3 27. Qd2 Rb2
28. Rc2 Rxc2 29. Qxc2 Qe3+ 30. Kh1 Ne5 31. Qb2 Nc6 32. Ra1 Nd4 33. Bf1 Nb3 34.
Qa3+ Kf6 35. a7 Qd4 36. Rb1 Nd2 37. Qa1 Qe5 38. Qxe5+ Kxe5 39. Rd1 Nxf3 40.
Rxd5+ 1-0

[Event "PRO League Group Stage"]
[Site "chess.com INT"]
[Date "2019.01.10"]
[Round "1"]
[White "Manukian, Artak"]
[Black "Rodchenkov, Vitaly"]
[Result "1-0"]
[BlackTitle "FM"]
[WhiteElo "2196"]
[BlackElo "2296"]
[WhiteTeam "Armenia Eagles"]
[BlackTeam "Volga Stormbringers"]
[WhiteFideId "13301373"]
[BlackFideId "4152964"]
[EventDate "2019.01.08"]

1. e4 d6 2. d4 Nf6 3. Nc3 e5 4. dxe5 dxe5 5. Qxd8+ Kxd8 6. Nf3 Bd6 7. Bc4 Ke8 8.
Bg5 Nbd7 9. a3 a6 10. O-O-O b6 11. Nd2 Bb7 12. f3 b5 13. Be2 Be7 14. Nf1 c6 15.
Ne3 g6 16. Bh4 Nc5 17. Bg3 Nfd7 18. h4 h5 19. Rd2 f6 20. Rhd1 Rd8 21. Kb1 Ne6
22. Bf1 Bc8 23. Na2 a5 24. Nc1 Ndc5 25. Rxd8+ Nxd8 26. Be1 Ndb7 27. c4 bxc4 28.
Nxc4 a4 29. Na2 Be6 30. Nb4 Nd8 31. Na5 Bd7 32. Rc1 Bd6 33. Bf2 Nb3 34. Nxb3
axb3 35. Bc4 Bxb4 36. axb4 Be6 37. Bxe6 Nxe6 38. Rxc6 Kd7 39. Rc3 f5 40. Rxb3
fxe4 41. fxe4 Rf8 42. Rf3 Rb8 43. Be1 Ke7 44. Bc3 Nd4 45. Rd3 Nc6 46. Rd5 Nxb4
47. Rxe5+ Kf7 48. g3 Nd3 49. Rd5 Nf2 50. Re5 Nd3 51. Ra5 Nf2 52. Ra7+ Ke6 53.
Ra6+ Kd7 54. Rxg6 Nxe4 55. Kc2 Rf8 56. Kd3 Nc5+ 57. Kc4 Ne4 58. Be5 Rf2 59. Kd5
Nd2 60. Rg7+ Ke8 61. Ke6 Nc4 62. Rg8+ Rf8 63. Rxf8+ Kxf8 64. b4 Ke8 65. Bc7 Na3
66. Kf6 Kd7 67. Bf4 1-0

[Event "PRO League Group Stage"]
[Site "chess.com INT"]
[Date "2019.01.10"]
[Round "1"]
[White "Savchenko, Boris"]
[Black "Ponkratov, Pavel"]
[Result "0-1"]
[WhiteTitle "GM"]
[BlackTitle "GM"]
[WhiteElo "2562"]
[BlackElo "2630"]
[WhiteTeam "Moscow Wizards"]
[BlackTeam "Moscow Phoenix"]
[WhiteFideId "4147332"]
[BlackFideId "4157800"]
[EventDate "2019.01.08"]

1. e4 d6 2. d4 Nf6 3. Nc3 e5 4. Nf3 Nbd7 5. a3 exd4 6. Qxd4 Be7 7. Bf4 Nf8 8.
Bg3 Ne6 9. Qd2 Nh5 10. Bc4 Nxg3 11. hxg3 c6 12. O-O-O O-O 13. Kb1 b5 14. Bxe6
Bxe6 15. Nd4 Bd7 16. Qf4 a5 17. Nf5 Bxf5 18. Qxf5 h6 19. Ne2 b4 20. a4 Bf6 21.
Nf4 Qe7 22. f3 g6 23. Qh3 Bg7 24. Qh2 Rfd8 25. Qg1 d5 26. exd5 Qf6 27. c3 bxc3
28. Rc1 Rab8 29. Rc2 Qf5 0-1

[Event "PRO League Group Stage"]
[Site "chess.com INT"]
[Date "2019.01.10"]
[Round "1"]
[White "Dobrov, Vladimir"]
[Black "Kryakvin, Dmitry"]
[Result "1-0"]
[WhiteTitle "GM"]
[BlackTitle "GM"]
[WhiteElo "2478"]
[BlackElo "2588"]
[WhiteTeam "Moscow Wizards"]
[BlackTeam "Moscow Phoenix"]
[WhiteFideId "4136594"]
[BlackFideId "4153278"]
[EventDate "2019.01.08"]

1. Nf3 d5 2. e3 c6 3. c4 Nf6 4. Nc3 a6 5. d4 e6 6. b3 Nbd7 7. Bb2 Bd6 8. Be2 O-O
9. O-O Qe7 10. Qc2 e5 11. dxe5 Nxe5 12. cxd5 cxd5 13. Rad1 Be6 14. Ng5 Rac8 15.
Qb1 h6 16. Nxe6 Qxe6 17. e4 Neg4 18. h3 d4 19. Bxg4 Nxg4 20. Nd5 Nh2 21. Rfe1
Nf3+ 22. gxf3 Qxh3 23. e5 Qxf3 24. Qe4 Qxe4 25. Rxe4 Rfe8 26. exd6 Rxe4 27. Ne7+
Rxe7 28. dxe7 1-0

[Event "PRO League Group Stage"]
[Site "chess.com INT"]
[Date "2019.01.10"]
[Round "1"]
[White "Demidov, Mikhail"]
[Black "Lushenkov, Mikhail"]
[Result "1-0"]
[WhiteTitle "IM"]
[BlackTitle "IM"]
[WhiteElo "2520"]
[BlackElo "2434"]
[WhiteTeam "Moscow Phoenix"]
[BlackTeam "Moscow Wizards"]
[WhiteFideId "4197143"]
[BlackFideId "4162129"]
[EventDate "2019.01.08"]

1. Nf3 d5 2. g3 Nc6 3. d4 Bf5 4. Bg2 Nb4 5. Na3 Nf6 6. O-O c6 7. Nh4 Be6 8. c3
Na6 9. Nc2 Qd7 10. f3 Bh3 11. Qd3 Bxg2 12. Nxg2 e6 13. b4 Nc7 14. e4 Qc8 15. e5
Nd7 16. f4 f5 17. exf6 Nxf6 18. Nce1 Bd6 19. Nf3 O-O 20. Bd2 a5 21. a3 Ne4 22.
Ng5 Nxg5 23. fxg5 axb4 24. axb4 Rxa1 25. Rxa1 e5 26. dxe5 Bxe5 27. Re1 Bd6 28.
Bf4 Qd7 29. g6 hxg6 30. Qxg6 Bxf4 31. Nxf4 Qf7 32. Qd6 Nb5 33. Qe5 Qf6 34. Qxf6
Rxf6 35. Re7 Rf7 36. Re3 Nd6 37. Kg2 Nb5 38. h4 d4 39. cxd4 Nxd4 40. h5 Nc2 41.
Re8+ Rf8 42. Re4 Rd8 43. Re7 Nxb4 44. Ne6 Rd2+ 45. Kh3 Re2 46. Rxg7+ Kh8 47.
Rxb7 Nd5 48. Ng5 Re7 49. Rxe7 Nxe7 50. Ne4 Kg7 51. g4 Nd5 52. g5 Nf4+ 53. Kg4
Ne6 54. Kf5 Nd4+ 55. Ke5 Nf3+ 56. Kf4 Nd4 57. Nc5 Ne2+ 58. Kf3 Nd4+ 59. Ke4 Ne2
60. Kf5 Ng3+ 61. Kg4 Ne2 62. h6+ Kg6 63. Ne6 Nc3 64. Nf4+ Kf7 65. g6+ Kf6 66. h7
Kg7 67. Kg5 Ne4+ 68. Kf5 Ng3+ 69. Ke5 c5 70. Ne6+ Kh8 71. Ng5 1-0

[Event "PRO League Group Stage"]
[Site "chess.com INT"]
[Date "2019.01.10"]
[Round "1"]
[White "Mikhailovsky, Vladimir"]
[Black "Vastrukhin, Oleg"]
[Result "1-0"]
[WhiteTitle "CM"]
[WhiteElo "2180"]
[BlackElo "2413"]
[WhiteTeam "Moscow Phoenix"]
[BlackTeam "Moscow Wizards"]
[WhiteFideId "34105414"]
[BlackFideId "4192770"]
[EventDate "2019.01.08"]

1. e4 e6 2. Qe2 Be7 3. g3 d5 4. Bg2 Nf6 5. Nc3 d4 6. Nb5 Nc6 7. Nf3 a6 8. e5
axb5 9. exf6 Bxf6 10. Qxb5 d3 11. c3 O-O 12. O-O Ra5 13. Qc4 e5 14. Ne1 Be6 15.
Qxd3 Qxd3 16. Nxd3 Bc4 17. b4 Ra7 18. Nc5 Bxf1 19. Kxf1 Nd8 20. Nd7 Re8 21.
Nxf6+ gxf6 22. d3 b5 23. Ke2 Re6 24. Kd2 Rea6 25. a3 c6 26. Kc2 Ne6 27. Kb3 Rd7
28. Be4 Ng5 29. Bf5 Rd8 30. a4 bxa4+ 31. Rxa4 Rxa4 32. Kxa4 Nf3 33. Ka5 Ne1 34.
Kb6 Nxd3 35. Kc7 Rd5 36. Kxc6 Rd8 37. Kc7 Rd5 38. Be4 Nxb4 39. cxb4 Rd4 40. b5
Rxe4 41. Ba3 Rc4+ 42. Kd7 Rc3 43. Bd6 Rc2 44. b6 Rxf2 45. b7 Rb2 46. b8=Q+ Rxb8
47. Bxb8 Kg7 48. Kd6 Kg6 49. Kd5 h5 50. Ke4 Kg5 51. h3 f5+ 52. Kxe5 h4 53. Kd4
hxg3 54. Bxg3 f6 55. Kd3 f4 56. Bf2 Kf5 57. Kd4 Kg5 58. Ke4 f3 59. Kxf3 Kf5 60.
Be3 Kg6 61. Kg4 f5+ 62. Kf4 Kh5 63. Bf2 Kg6 64. Bh4 Kh5 65. Be7 Kg6 66. Bd8 Kh5
67. Kxf5 Kh6 68. Kg4 Kg6 69. h4 Kh6 70. h5 Kh7 71. Kg5 Kg8 72. Kg6 Kh8 73. h6 1-0

[Event "PRO League Group Stage"]
[Site "chess.com INT"]
[Date "2019.01.10"]
[Round "1"]
[White "Ehlvest, Jaan"]
[Black "Adhiban, Baskaran"]
[Result "0-1"]
[WhiteTitle "GM"]
[BlackTitle "GM"]
[WhiteElo "2521"]
[BlackElo "2689"]
[WhiteTeam "Estonia Horses"]
[BlackTeam "Mumbai Movers"]
[WhiteFideId "4500016"]
[BlackFideId "5018471"]
[EventDate "2019.01.08"]

1. e4 c5 2. Nf3 Nc6 3. d4 cxd4 4. Nxd4 Nf6 5. Nc3 d6 6. Bc4 Qb6 7. Nb3 e6 8. Be3
Qc7 9. Be2 a6 10. g4 b5 11. a3 Bb7 12. g5 Nd7 13. f4 Na5 14. Nxa5 Qxa5 15. Qd4
Rc8 16. O-O e5 17. Qd2 Be7 18. Bg4 Qc7 19. fxe5 Nxe5 20. Bxc8 Qxc8 21. Qg2 O-O
22. Nd5 Bd8 23. Rad1 Re8 24. Bd4 Ng6 25. Rd3 Qe6 26. Re3 Bc6 27. Qg3 Qd7 28. h4
Ne5 29. c3 Nc4 30. Ref3 Nd2 31. Rxf7 Nxf1 32. Rxf1 Rxe4 33. Nf4 Qe8 34. h5 Bd7
35. h6 g6 36. Kh2 Bf5 37. Bf6 Bxf6 38. gxf6 Kf7 39. Rf2 Qe5 40. Kg2 Kxf6 41.
Nh5+ gxh5 42. Qg7+ Ke6 43. Qg8+ Ke7 44. Rxf5 Qxf5 0-1

[Event "PRO League Group Stage"]
[Site "chess.com INT"]
[Date "2019.01.10"]
[Round "1"]
[White "Ladva, Ottomar"]
[Black "Puranik, Abhimanyu"]
[Result "1/2-1/2"]
[WhiteTitle "GM"]
[BlackTitle "GM"]
[WhiteElo "2497"]
[BlackElo "2536"]
[WhiteTeam "Estonia Horses"]
[BlackTeam "Mumbai Movers"]
[WhiteFideId "4500024"]
[BlackFideId "5061245"]
[EventDate "2019.01.08"]

1. Nf3 Nf6 2. c4 c5 3. e3 g6 4. d4 cxd4 5. exd4 Bg7 6. Nc3 O-O 7. Bg5 h6 8. Bxf6
Bxf6 9. Be2 d6 10. O-O Nc6 11. h3 Bf5 12. Re1 Rc8 13. Rc1 Qb6 14. Na4 Qa5 15.
Nc3 Qb6 16. g4 Bd7 17. Nd5 Qxb2 18. Rb1 Qxa2 19. Ra1 Qb2 20. Qd3 b5 21. Reb1
bxc4 22. Qxc4 Nxd4 23. Nxf6+ exf6 24. Rxb2 Nxf3+ 25. Kg2 Rxc4 26. Bxc4 Bc6 27.
Kg3 Ne5 28. Be2 Ra8 29. Ra6 g5 30. Rc2 Be4 31. Rca2 Rb8 32. f3 Bc6 33. Rxa7 Rb4
34. R7a6 Rb3 35. R6a3 Rb4 36. Rc3 Kg7 37. Ra6 Rb2 38. Bd1 Rd2 39. Bb3 Bxf3 40.
Ra2 Rd4 41. Ra4 Rd2 42. Ra2 Rd4 43. Ra4 Rd2 44. Ra2 Rd4 45. Ra4 Rd2 46. Ra2 Rd4
47. Ra4 Rd2 48. Ra2 1/2-1/2

[Event "PRO League Group Stage"]
[Site "chess.com INT"]
[Date "2019.01.10"]
[Round "1"]
[White "Sadhwani, Raunak"]
[Black "Kanep, Meelis"]
[Result "1/2-1/2"]
[WhiteTitle "IM"]
[BlackTitle "GM"]
[WhiteElo "2451"]
[BlackElo "2435"]
[WhiteTeam "Mumbai Movers"]
[BlackTeam "Estonia Horses"]
[WhiteFideId "35093487"]
[BlackFideId "4501047"]
[EventDate "2019.01.08"]

1. e4 c5 2. Nf3 Nc6 3. d4 cxd4 4. Nxd4 Qb6 5. Nb3 Nf6 6. Nc3 e6 7. Qe2 Bb4 8.
Bd2 O-O 9. a3 Be7 10. O-O-O d5 11. exd5 Nxd5 12. Nxd5 exd5 13. Be3 Qc7 14. Qd2
Be6 15. Nd4 Bf6 16. Kb1 Rac8 17. Rc1 a6 18. Be2 Ne5 19. Bg5 Nc4 20. Bxc4 Bxd4
21. Qxd4 dxc4 1/2-1/2

[Event "PRO League Group Stage"]
[Site "chess.com INT"]
[Date "2019.01.10"]
[Round "1"]
[White "Soumya, Swaminathan"]
[Black "Kukk, Sander"]
[Result "1-0"]
[WhiteTitle "WGM"]
[WhiteElo "2416"]
[BlackElo "2244"]
[WhiteTeam "Mumbai Movers"]
[BlackTeam "Estonia Horses"]
[WhiteFideId "5016193"]
[BlackFideId "4502094"]
[EventDate "2019.01.08"]

1. e4 g6 2. d4 Bg7 3. Nc3 d6 4. f4 a6 5. Nf3 b5 6. Bd3 Bb7 7. a4 b4 8. Ne2 Nd7
9. c3 bxc3 10. bxc3 c5 11. Rb1 Qc7 12. O-O Ngf6 13. Ng5 O-O 14. e5 dxe5 15. fxe5
Nd5 16. Qe1 h6 17. Nxf7 Rxf7 18. Rxf7 Kxf7 19. e6+ Kg8 20. exd7 Qxd7 21. Bxg6
cxd4 22. cxd4 Bc6 23. Qg3 Kh8 24. Rb8+ Bf8 25. Bxh6 Nf6 26. Bxf8 Rxb8 27. Qxb8
Ng4 1-0

[Event "PRO League Group Stage"]
[Site "chess.com INT"]
[Date "2019.01.10"]
[Round "1"]
[White "Jobava, Baadur"]
[Black "Nihal, Sarin"]
[Result "1/2-1/2"]
[WhiteTitle "GM"]
[BlackTitle "GM"]
[WhiteElo "2629"]
[BlackElo "2578"]
[WhiteTeam "Tbilisi Gentlemen"]
[BlackTeam "Delhi Dynamite"]
[WhiteFideId "13601520"]
[BlackFideId "25092340"]
[EventDate "2019.01.08"]

1. d4 d5 2. c4 e6 3. Nc3 Nf6 4. Bf4 Be7 5. e3 O-O 6. a3 b6 7. Nb5 Na6 8. Rc1 c6
9. Nc3 Bb7 10. cxd5 exd5 11. Nf3 Nc7 12. Bd3 Ne6 13. Bg3 c5 14. O-O Ne4 15. Qe2
cxd4 16. Nxd4 Nxd4 17. exd4 Nxg3 18. hxg3 Bf6 19. Rfd1 Re8 20. Qf1 Rc8 21. Ba6
Qd7 22. Bxb7 Qxb7 23. Qd3 Rcd8 24. Re1 Rxe1+ 25. Rxe1 g6 26. Rd1 Kg7 27. a4 Qc6
28. b3 Qd6 29. Nb5 Qd7 30. Rc1 Rc8 31. Rxc8 Qxc8 32. Nc3 Qg4 33. Nxd5 Bxd4 34.
b4 h5 35. a5 bxa5 36. bxa5 h4 37. gxh4 Qxh4 38. g3 Qg4 39. Kg2 Be5 40. a6 Qe6
41. Qe4 Qd6 42. Nb4 Bd4 43. Nc6 Bb6 44. Qf3 Qf6 45. Nb8 Qd6 46. Nc6 Qf6 47. Nb4
Bc5 48. Nd5 Qd4 49. g4 Qe5 50. Qd3 Bd4 51. Qf3 Bc5 52. Nc3 Bd4 53. Ne4 Qe6 54.
Ng5 Qf6 55. Qxf6+ Kxf6 56. f4 Ke7 57. Kf3 f5 58. gxf5 gxf5 59. Ke2 Bc5 60. Nf3
Bd6 61. Nd4 Kd7 62. Kf3 Kc7 63. Nb5+ Kd7 64. Nxa7 Bxf4 65. Kxf4 Kc7 66. Nb5+ Kb6
67. a7 Kb7 68. Kxf5 Ka8 69. Ke6 Kb7 70. Kd6 Ka8 71. Kc6 1/2-1/2

[Event "PRO League Group Stage"]
[Site "chess.com INT"]
[Date "2019.01.10"]
[Round "1"]
[White "Jojua, Davit"]
[Black "Kannappan, Priyadharshan"]
[Result "0-1"]
[WhiteTitle "GM"]
[BlackTitle "GM"]
[WhiteElo "2588"]
[BlackElo "2553"]
[WhiteTeam "Tbilisi Gentlemen"]
[BlackTeam "Delhi Dynamite"]
[WhiteFideId "13602543"]
[BlackFideId "5018293"]
[EventDate "2019.01.08"]

1. d4 e6 2. c4 f5 3. Nc3 Nf6 4. Nf3 Bb4 5. Qb3 a5 6. g3 b6 7. a3 a4 8. Qc2 Bxc3+
9. Qxc3 O-O 10. Bg5 Bb7 11. Bg2 h6 12. Bxf6 Qxf6 13. O-O Be4 14. Rfd1 d6 15.
Rac1 Nd7 16. e3 Qf7 17. Nd2 Bxg2 18. Kxg2 Nf6 19. Qc2 Qh5 20. Re1 Rf7 21. Qd1
Qg6 22. Nb1 e5 23. Qc2 Qh5 24. Qd1 Qg6 25. Qc2 Ne4 26. Nc3 Nxc3 27. Qxc3 f4 28.
exf4 exf4 29. Qf3 Raf8 30. g4 h5 31. h3 Rf5 32. Rg1 hxg4 33. hxg4 Rg5 34. Kf1
Qe6 35. Qe2 Qf7 36. Re1 f3 37. Qd3 d5 38. c5 Qf4 39. Qe3 bxc5 40. Qe6+ Qf7 41.
dxc5 d4 42. Qxf7+ Rxf7 43. Re8+ Kh7 44. Rh1+ Kg6 45. Re6+ Rf6 46. Rxf6+ Kxf6 47.
Rh3 Rxc5 48. Rxf3+ Ke6 49. Rd3 Kd5 50. Rd2 Rc1+ 51. Ke2 c5 52. Kf3 c4 53. Kf4 d3
54. Kg5 Rc2 55. Rd1 Rxf2 56. Kg6 Rxb2 57. g5 Rg2 58. Rb1 d2 59. Rb8 c3 0-1

[Event "PRO League Group Stage"]
[Site "chess.com INT"]
[Date "2019.01.10"]
[Round "1"]
[White "Grover, Sahaj"]
[Black "Quparadze, Giga"]
[Result "0-1"]
[WhiteTitle "GM"]
[BlackTitle "GM"]
[WhiteElo "2511"]
[BlackElo "2493"]
[WhiteTeam "Delhi Dynamite"]
[BlackTeam "Tbilisi Gentlemen"]
[WhiteFideId "5021103"]
[BlackFideId "13602250"]
[EventDate "2019.01.08"]

1. e4 c5 2. Nf3 e6 3. d4 cxd4 4. Nxd4 a6 5. Bd3 Nc6 6. Nxc6 dxc6 7. O-O e5 8.
Nd2 Nf6 9. Nc4 Bd6 10. a4 O-O 11. a5 Be6 12. Nxd6 Qxd6 13. b3 Rfd8 14. Qe2 Bxb3
15. Rb1 Ba4 16. Rxb7 Bb5 17. Bc4 Rd7 18. Rxd7 Qxd7 19. Bg5 Qe6 20. Bxe6 Bxe2 21.
Re1 Nxe4 22. Rxe2 Nxg5 23. Bc4 Rd8 24. h4 Rd1+ 25. Kh2 Rd4 26. Rxe5 Ne6 27. Bxa6
Rxh4+ 28. Kg3 Ra4 29. Bb7 c5 30. a6 Kf8 31. Re4 Ra5 32. f4 Nc7 33. Re5 g6 34.
Kf2 f6 35. Re3 Nxa6 36. Re6 Nb4 37. c3 Ra2+ 38. Kg3 Ra3 39. Re3 Na2 40. Kh4 Nxc3
41. Re6 f5 42. Rc6 Ne2 43. Kg5 Ke7 44. Rc7+ Kd6 45. Rc6+ Kd7 46. Rxc5 Rg3+ 47.
Kh6 Nxf4 48. Rc2 Ke6 49. Kxh7 Kf6 50. Bf3 Ne6 51. Bd5 Nf4 52. Bf3 Ke5 53. Kg7
Ne6+ 54. Kh6 g5 55. Ba8 Ra3 56. Rc8 Ra6 57. Kh7 g4 58. Kg8 Ra7 59. Bc6 Kf4 60.
Bd5 Nd4 61. Rc3 Ne2 62. Rb3 Kg5 63. Bf7 Nf4 64. g3 Nh5 65. Kf8 Nf6 66. Kg7 Ne4
67. Kf8 Rc7 68. Be6 Nc5 69. Re3 Nxe6+ 70. Rxe6 Rc3 0-1

[Event "PRO League Group Stage"]
[Site "chess.com INT"]
[Date "2019.01.10"]
[Round "1"]
[White "Tania, Sachdev"]
[Black "Volkov, Nika"]
[Result "1/2-1/2"]
[WhiteTitle "IM"]
[WhiteElo "2400"]
[BlackElo "2153"]
[WhiteTeam "Delhi Dynamite"]
[BlackTeam "Tbilisi Gentlemen"]
[WhiteFideId "5007844"]
[BlackFideId "13604376"]
[EventDate "2019.01.08"]

1. d4 e6 2. c4 d5 3. Nc3 Nf6 4. cxd5 exd5 5. Bg5 Be7 6. e3 O-O 7. Qc2 Be6 8. Nf3
Nbd7 9. Bd3 c5 10. dxc5 Nxc5 11. O-O Nxd3 12. Qxd3 Qa5 13. Nd4 h6 14. Bh4 Rac8
15. a3 Rfd8 16. b4 Qc7 17. Ncb5 Qb6 18. Rac1 a5 19. bxa5 Qxa5 20. Rb1 Rc4 21.
Nxe6 fxe6 22. Nd4 Qa6 23. Qg6 Rdc8 24. Bg3 Ne4 25. Rb6 Qxb6 26. Nf5 Bf6 27.
Nxh6+ Kh8 28. Nf7+ Kg8 29. Nh6+ Kh8 30. Nf7+ Kg8 31. Nh6+ Kh8 1/2-1/2

[Event "PRO League Group Stage"]
[Site "chess.com INT"]
[Date "2019.01.10"]
[Round "1"]
[White "Bacrot, Alexandre"]
[Black "Spoelman, Wouter"]
[Result "0-1"]
[BlackTitle "GM"]
[WhiteElo "2257"]
[BlackElo "2578"]
[WhiteTeam "Marseille Migraines"]
[BlackTeam "Amsterdam Mosquitoes"]
[WhiteFideId "26076837"]
[BlackFideId "1010891"]
[EventDate "2019.01.08"]

1. e4 c5 2. Nf3 e6 3. g3 Nf6 4. Nc3 d5 5. exd5 exd5 6. d4 Bg4 7. Bg2 cxd4 8.
Qxd4 Nc6 9. Qa4 d4 10. Nxd4 Bd7 11. Nxc6 bxc6 12. Bxc6 Bc5 13. Bxd7+ Nxd7 14.
O-O O-O 15. Rd1 Qf6 16. Ne4 Qf3 17. Qxd7 Qxe4 18. Qd3 Qb7 19. b3 Rfe8 20. Bb2
Qb6 21. Qf3 Rad8 22. Rxd8 Rxd8 23. Re1 f6 24. Bc3 h6 25. Kg2 Rc8 26. Qd5+ Kh8
27. Qd7 Qb8 28. Ba5 Qa8+ 29. f3 Bb6 30. Bxb6 axb6 31. Re2 Rd8 32. Qc7 b5 33. c4
Rd3 34. Qf4 bxc4 35. bxc4 Ra3 36. Qe4 Qxe4 37. fxe4 Rc3 38. Kh3 Rxc4 39. Kg4 Kh7
40. Kf5 Rc5+ 41. Ke6 Kg6 42. Kd6 Ra5 43. Kc6 Kg5 44. Kb6 Ra8 45. Kb5 Kg4 46. a4
Kf3 47. Rd2 Kxe4 48. Rd7 g5 49. a5 f5 50. Kb6 f4 51. gxf4 gxf4 52. Re7+ Kd3 53.
Rh7 f3 54. Rxh6 Rf8 55. Rh3 Kc4 56. Rh4+ Kd5 57. Rh5+ Ke6 58. Rh6+ Kd7 59. Rh7+
Kd8 60. Kc6 f2 61. Rd7+ Kc8 62. Rc7+ Kb8 63. Rb7+ Ka8 64. Rb1 f1=Q 65. Rxf1 Rxf1
66. Kd6 Rh1 67. Kc6 Rxh2 68. Kb6 Rh6+ 69. Kb5 Ka7 70. Kc5 Rh5+ 71. Kc4 Ka6 72.
Kc3 Rxa5 73. Kd3 Rb5 74. Kc4 Kb6 75. Kd4 Rb4+ 76. Kd3 Kc5 77. Kc3 Ra4 78. Kd3
Ra3+ 79. Ke4 Rc3 80. Kf4 Kd5 81. Kf5 Re3 0-1

[Event "PRO League Group Stage"]
[Site "chess.com INT"]
[Date "2019.01.10"]
[Round "1"]
[White "Delorme, Alban"]
[Black "Klein, David"]
[Result "0-1"]
[WhiteTitle "FM"]
[BlackTitle "GM"]
[WhiteElo "2320"]
[BlackElo "2492"]
[WhiteTeam "Marseille Migraines"]
[BlackTeam "Amsterdam Mosquitoes"]
[WhiteFideId "623636"]
[BlackFideId "1003623"]
[EventDate "2019.01.08"]

1. d4 Nf6 2. Nf3 e6 3. g3 c5 4. Bg2 cxd4 5. O-O d5 6. Nxd4 Be7 7. c4 e5 8. Nf3
e4 9. Nd4 dxc4 10. Qa4+ Nbd7 11. Rd1 O-O 12. Qxc4 Qa5 13. Nc3 Qh5 14. Nxe4 Nxe4
15. Bxe4 Ne5 16. Qc7 Ng4 17. Nf3 Bc5 18. e3 Bb6 19. Qf4 Nf6 20. Bd3 Bg4 21. Be2
Rae8 22. Kg2 Re4 23. Qd6 Re6 24. Qf4 Nd5 25. Rxd5 Bh3+ 26. Kg1 Qxd5 27. Bd2 h5
28. Bc4 Qc6 29. Rc1 Rf6 30. Be2 Rxf4 31. Rxc6 Ra4 32. Rc1 Rxa2 33. Bb4 Rc8 34.
Rxc8+ Bxc8 35. Ng5 Rxb2 36. Bxh5 g6 37. Bc3 Rb1+ 38. Kg2 gxh5 39. Ne4 Be6 40.
Nf6+ Kf8 41. Nxh5 Bd5+ 42. f3 Bxe3 43. Nf6 Be6 44. f4 Ke7 45. h4 Rd1 46. Kf3 Bd4 0-1

[Event "PRO League Group Stage"]
[Site "chess.com INT"]
[Date "2019.01.10"]
[Round "1"]
[White "Ducarmon, Quinten"]
[Black "Bacrot, Etienne"]
[Result "0-1"]
[WhiteTitle "IM"]
[BlackTitle "GM"]
[WhiteElo "2479"]
[BlackElo "2684"]
[WhiteTeam "Amsterdam Mosquitoes"]
[BlackTeam "Marseille Migraines"]
[WhiteFideId "1025007"]
[BlackFideId "605506"]
[EventDate "2019.01.08"]

1. e4 e6 2. d4 d5 3. Nd2 Nf6 4. e5 Nfd7 5. Bd3 c5 6. c3 Nc6 7. Ngf3 g6 8. h4 h6
9. b3 a6 10. Qe2 b5 11. O-O g5 12. g3 gxh4 13. Nxh4 cxd4 14. cxd4 Nxd4 15. Qg4
Nc6 16. Bb2 Ncxe5 17. Qe2 Rg8 18. Bh7 Rg7 19. Bxe5 Nxe5 20. Qxe5 Rxh7 21. Nf5
Qg5 22. Qc7 Bd7 23. Ne3 Qd8 24. Qc2 Rg7 25. Rfe1 Be7 26. Nf3 Kf8 27. Re2 Rc8 28.
Qd2 Bf6 29. Rd1 Bc3 30. Qc1 Qb6 31. Ng2 Rxg3 32. Qxh6+ Bg7 33. Qf4 Rg6 34. Ne5
Bxe5 35. Qxe5 Kg8 36. Rd3 Qc7 37. Qh5 Qc1+ 38. Re1 Qxe1+ 0-1

[Event "PRO League Group Stage"]
[Site "chess.com INT"]
[Date "2019.01.10"]
[Round "1"]
[White "Vrolijk, Liam"]
[Black "Vachier-Lagrave, Maxime"]
[Result "0-1"]
[WhiteTitle "IM"]
[BlackTitle "GM"]
[WhiteElo "2433"]
[BlackElo "2780"]
[WhiteTeam "Amsterdam Mosquitoes"]
[BlackTeam "Marseille Migraines"]
[WhiteFideId "1048333"]
[BlackFideId "623539"]
[EventDate "2019.01.08"]

1. Nf3 Nf6 2. c4 g6 3. Nc3 Bg7 4. e4 d6 5. d4 O-O 6. Be2 e5 7. d5 a5 8. Bg5 Na6
9. Nd2 Qe8 10. a3 Bd7 11. b3 c5 12. Nb5 Qe7 13. O-O h6 14. Bh4 Rfc8 15. Bd3 Qf8
16. Re1 Nh5 17. Nb1 f5 18. N1c3 f4 19. Be2 Nf6 20. Bxf6 Bxf6 21. Bg4 Rd8 22.
Be6+ Kh7 23. Qg4 Be8 24. Na4 h5 25. Qh3 Qg7 26. Nb6 Rab8 27. Qc3 Nc7 28. Na7 Bf7
29. Bxf7 Qxf7 30. Qxa5 f3 31. b4 Na6 32. Nb5 fxg2 33. bxc5 Bh4 34. Re2 Qf3 35.
Rae1 Nxc5 36. Qc3 Nd3 37. Qd2 Rf8 38. Nd7 Nxf2 39. Nxf8+ Rxf8 0-1

[Event "PRO League Group Stage"]
[Site "chess.com INT"]
[Date "2019.01.10"]
[Round "1"]
[White "Agrest, Inna"]
[Black "Huschenbeth, Niclas"]
[Result "0-1"]
[WhiteTitle "WIM"]
[BlackTitle "GM"]
[WhiteElo "2275"]
[BlackElo "2585"]
[WhiteTeam "Baden-Baden Snowballs"]
[BlackTeam "Berlin Bears"]
[WhiteFideId "1708830"]
[BlackFideId "24604747"]
[EventDate "2019.01.08"]

1. e4 c5 2. Nf3 d6 3. d4 cxd4 4. Nxd4 Nf6 5. Nc3 a6 6. Bg5 Nbd7 7. Bc4 e6 8. Bb3
Qa5 9. Qd2 Be7 10. f3 O-O 11. O-O-O Nc5 12. h4 Bd7 13. Kb1 Qc7 14. g4 b5 15.
Bxf6 Bxf6 16. g5 Be7 17. h5 b4 18. Nce2 a5 19. g6 h6 20. Rhg1 a4 21. gxf7+ Rxf7
22. Bxe6 Bxe6 23. Nxe6 Nxe6 24. Qd5 Rc8 25. Qxe6 Qxc2+ 26. Ka1 Bf6 27. Nc3 bxc3
28. Qxc8+ Rf8 29. Qc4+ Kh8 0-1